00620nam a2200193Ia 4500008004100000020001400041082001600055100001400071245002600085250000700111260004500118300002800163500001900191600002100210650005000231942000700281952012300288999001500411240925s9999 xx 000 0 und d a805309101 a005.133 POH aPohl, Ira 0aC++ For C Programmers aNA aRedwood City:bBenjamin Cummingsc,1989. avii,436p.bNAfOriginal aIncludes Index aComputer Science aComputer science, information & general works cBK 001040708CSaUITUbUITUd1998-02-26eYasin Aming100.00l0o005.133 POHpQ1476r2024-09-25 07:12:26w2024-09-25yBK c3975d3975